Duálne vzdelávanie v praxi bakalárska práca

Salvato in:
Dettagli Bibliografici
Autore principale: Miksádová, Laura
Ente Autore: Národohospodárska fakulta EU. Katedra sociálneho rozvoja a práce
Altri autori: Polonyová, Simona, 1985-
Natura: Libro
Lingua:slovacco
Pubblicazione: Bratislava 2021
Tags: Aggiungi Tag
Nessun Tag, puoi essere il primo ad aggiungerne!!

MARC

LEADER 00000nbm a2200000 4500
001 0275249
005 20220121101755.5
041 0 |a slo 
044 |a SK 
245 1 0 |a Duálne vzdelávanie v praxi  |b bakalárska práca  |c Laura Miksádová ; školiteľ: Simona Polonyová 
264 1 |a Bratislava  |c 2021 
300 |a 50 s. 
100 1 |a Miksádová, Laura 
700 1 |a Polonyová, Simona, 1985- 
710 2 |a Národohospodárska fakulta EU. Katedra sociálneho rozvoja a práce